|
|
|
|
| LEADER |
00000nam0a2200000 4500 |
| 001 |
334837 |
| 005 |
20231102004708.0 |
| 035 |
|
|
|a (RuTPU)RU\TPU\book\361135
|
| 090 |
|
|
|a 334837
|
| 100 |
|
|
|a 20170907d1956 k y0rusy50 ca
|
| 101 |
0 |
|
|a rus
|
| 102 |
|
|
|a RU
|
| 105 |
|
|
|a a z 001zy
|
| 200 |
1 |
|
|a Влияние некоторых органических веществ на процесс ионизации цинка и кадмия, а также на разряд их ионов на амальгамном капельном электроде
|e [оттиск]
|f Е. П. Андреева, З. А. Иофа
|g Московский государственный университет им. М. В. Ломоносова (МГУ)
|
| 210 |
|
|
|a Москва
|c Изд-во МГУ
|d 1956
|
| 215 |
|
|
|a 8 с.
|c ил.
|
| 225 |
1 |
|
|a Вестник Московского университета
|v № 2, 1956
|
| 320 |
|
|
|a Библиогр. в конце ст.
|
| 606 |
1 |
|
|a Электрохимия
|2 stltpush
|3 (RuTPU)RU\TPU\subj\21014
|9 46066
|
| 610 |
1 |
|
|a оттиски
|
| 610 |
1 |
|
|a библиотека А. Г. Стромберга
|
| 610 |
1 |
|
|a органические вещества
|
| 610 |
1 |
|
|a цинк
|
| 610 |
1 |
|
|a кадмий
|
| 610 |
1 |
|
|a ионизация
|
| 610 |
1 |
|
|a амальгамные электроды
|
| 610 |
1 |
|
|a эксперименты
|
| 610 |
1 |
|
|a измерения
|
| 610 |
1 |
|
|a приборы
|
| 610 |
1 |
|
|a таблицы
|
| 675 |
|
|
|a 544.6
|v 4
|
| 700 |
|
1 |
|a Андреева
|b Е. П.
|
| 701 |
|
1 |
|a Иофа
|b З. А.
|
| 712 |
0 |
2 |
|a Московский государственный университет им. М. В. Ломоносова (МГУ)
|2 stltpush
|3 (RuTPU)RU\TPU\col\7
|
| 801 |
|
1 |
|a RU
|b 63413507
|c 20170907
|
| 801 |
|
2 |
|a RU
|b 63413507
|c 20200827
|g RCR
|
| 942 |
|
|
|c BK
|